<?xml version="1.0" encoding="UTF-8"?>
<collection xmlns="http://www.loc.gov/MARC21/slim">
 <record>
  <leader>01355nam a22002777a 4500</leader>
  <controlfield tag="001">37767</controlfield>
  <controlfield tag="003">BD-DhAAL</controlfield>
  <controlfield tag="008">220216t1998    bg a|||| |||| 00| 0 eng d</controlfield>
  <datafield tag="999" ind1=" " ind2=" ">
   <subfield code="c">43521</subfield>
   <subfield code="d">43521</subfield>
  </datafield>
  <datafield tag="020" ind1=" " ind2=" ">
   <subfield code="a">9840738011</subfield>
  </datafield>
  <datafield tag="040" ind1=" " ind2=" ">
   <subfield code="a">BD-DhAAL</subfield>
  </datafield>
  <datafield tag="041" ind1=" " ind2=" ">
   <subfield code="a">ben</subfield>
  </datafield>
  <datafield tag="082" ind1=" " ind2=" ">
   <subfield code="a">530.141</subfield>
  </datafield>
  <datafield tag="100" ind1=" " ind2=" ">
   <subfield code="a">খান, সাইদুর রহমান</subfield>
   <subfield code="9">45839</subfield>
  </datafield>
  <datafield tag="245" ind1=" " ind2=" ">
   <subfield code="a">তড়িৎ চুম্বকীয় তত্ত্ব /</subfield>
   <subfield code="c">সাইদুর রহমান খান, ওসমান গণি তালুকদার, আব্দুস সোবহান</subfield>
  </datafield>
  <datafield tag="246" ind1=" " ind2=" ">
   <subfield code="a">Electromagnetic theory</subfield>
  </datafield>
  <datafield tag="300" ind1=" " ind2=" ">
   <subfield code="a">[বারো], ২৪৬ পৃষ্ঠা ;</subfield>
   <subfield code="c">২২ সে.মি.</subfield>
  </datafield>
  <datafield tag="504" ind1=" " ind2=" ">
   <subfield code="a">গ্রন্থপঞ্জিগত নির্দেশিকা অন্তর্ভুক্ত।</subfield>
  </datafield>
  <datafield tag="526" ind1=" " ind2=" ">
   <subfield code="a">BIED</subfield>
  </datafield>
  <datafield tag="541" ind1=" " ind2=" ">
   <subfield code="a">Complimentary copy from BIED</subfield>
   <subfield code="e">37767</subfield>
  </datafield>
  <datafield tag="650" ind1=" " ind2=" ">
   <subfield code="a">Electromagnetic theory.</subfield>
   <subfield code="9">45840</subfield>
  </datafield>
  <datafield tag="700" ind1=" " ind2=" ">
   <subfield code="a">তালুকদার, ওসমান গণি</subfield>
   <subfield code="9">45841</subfield>
  </datafield>
  <datafield tag="700" ind1=" " ind2=" ">
   <subfield code="a">সোবহান, আব্দুস</subfield>
   <subfield code="9">45842</subfield>
  </datafield>
  <datafield tag="852" ind1=" " ind2=" ">
   <subfield code="a">Ayesha Abed Library</subfield>
   <subfield code="c">BIED Collection</subfield>
  </datafield>
  <datafield tag="942" ind1=" " ind2=" ">
   <subfield code="2">ddc</subfield>
   <subfield code="c">BK</subfield>
  </datafield>
  <datafield tag="952" ind1=" " ind2=" ">
   <subfield code="0">0</subfield>
   <subfield code="1">0</subfield>
   <subfield code="2">ddc</subfield>
   <subfield code="4">0</subfield>
   <subfield code="6">530_141000000000000_KHA</subfield>
   <subfield code="7">0</subfield>
   <subfield code="9">69816</subfield>
   <subfield code="a">BRACUL</subfield>
   <subfield code="b">BRACUL</subfield>
   <subfield code="c">GEN</subfield>
   <subfield code="d">2022-02-16</subfield>
   <subfield code="e">Complimentary copy from BIED</subfield>
   <subfield code="l">6</subfield>
   <subfield code="m">6</subfield>
   <subfield code="o">530.141 KHA</subfield>
   <subfield code="p">3010037767</subfield>
   <subfield code="r">2026-01-15</subfield>
   <subfield code="s">2026-01-05</subfield>
   <subfield code="t">1</subfield>
   <subfield code="w">2022-02-16</subfield>
   <subfield code="y">BK</subfield>
   <subfield code="x">Transferred from BIED to General Stacks</subfield>
  </datafield>
 </record>
</collection>
